[Event "4NCL/Div4/NOTT1 vs. WWKS2"]
[Site "West Bromwich ENG"]
[Date "2005.11.05"]
[Round "1.3"]
[White "Mercs, Peter J"]
[Black "Lloyd, Alan D"]
[Result "1/2-1/2"]
[WhiteElo "2110"]
[BlackElo "2110"]
[PlyCount "127"]
[EventDate "2005.11.05"]
[SourceDate "2005.10.25"]

1. e4 c5 2. Nf3 d6 3. d4 cxd4 4. Nxd4 Nf6 5. Nc3 Nc6 6. f3 e6 7. Be3 Be7 8. g4
a6 9. Qd2 Qc7 10. O-O-O b5 11. Nxc6 Qxc6 12. Ne2 Bb7 13. Nd4 Qc7 14. g5 Nd7 15.
h4 Rc8 16. Kb1 Ne5 17. Rh2 Nc4 18. Bxc4 Qxc4 19. h5 d5 20. g6 dxe4 21. h6 gxh6
22. g7 Rg8 23. Nf5 Bd5 24. b3 Qb4 25. Nxe7 Qxd2 26. Bxd2 Kxe7 27. fxe4 Bxe4 28.
Bb4+ Kf6 29. Bf8 h5 30. Rf1+ Kg6 31. Rg1+ Kh6 32. Kb2 Bg6 33. c3 Rgxf8 34.
gxf8=Q+ Rxf8 35. Rh4 f5 36. a4 f4 37. axb5 axb5 38. c4 bxc4 39. bxc4 e5 40. Kc3
f3 41. Rh2 Rd8 42. Rd2 Re8 43. Rf2 Ra8 44. c5 e4 45. Kd4 Re8 46. Ke3 Re6 47.
Rc1 Be8 48. Rd2 Kg5 49. Rd6 Rxd6 50. cxd6 Kg4 51. Rc8 Bb5 52. Rc7 h6 53. d7
Bxd7 54. Rxd7 h4 55. Rg7+ Kf5 56. Rg8 h3 57. Rg3 h2 58. Rh3 Kg4 59. Rxh2 h5 60.
Kf2 h4 61. Rh1 h3 62. Rh2 Kh4 63. Rh1 Kg4 64. Rh2 1/2-1/2

[Event "4NCL/Div4/NOTT1 vs. WWKS2"]
[Site "West Bromwich ENG"]
[Date "2005.11.05"]
[Round "1.4"]
[White "Emanuel, John"]
[Black "Truman, Richard G"]
[Result "1/2-1/2"]
[WhiteElo "2070"]
[BlackElo "2070"]
[PlyCount "113"]
[EventDate "2005.11.05"]
[SourceDate "2005.10.25"]

1. c4 g6 2. g3 Bg7 3. Bg2 d6 4. Nc3 e5 5. d3 Nc6 6. e4 Nge7 7. Nge2 O-O 8. O-O
f5 9. f4 Be6 10. Nd5 Qd7 11. Rb1 Rae8 12. b4 Kh8 13. b5 Nd8 14. Nxe7 Rxe7 15.
Be3 a6 16. bxa6 bxa6 17. Qc2 Nc6 18. Kh1 Nd4 19. Nxd4 exd4 20. Bd2 Rfe8 21. Rb4
fxe4 22. dxe4 Bh3 23. Re1 Bxg2+ 24. Kxg2 Qc6 25. Kf3 Kg8 26. Qd3 Re6 27. Rb3
Qa8 28. Ba5 Qc6 29. Bd2 Qa8 30. Bc1 c5 31. Bd2 Bf8 32. Rb6 Rb8 33. Reb1 Ree8
34. Ba5 Rxb6 35. Rxb6 Rb8 36. Qb3 Rxb6 37. Qxb6 Be7 38. Qc7 Kf7 39. Bb6 Ke6 40.
Qa7 Qxa7 41. Bxa7 Bd8 42. e5 h5 43. Bb8 d5 44. Bd6 dxc4 45. Bxc5 Kd5 46. Bb4 c3
47. e6 Kxe6 48. Ke4 Be7 49. Ba5 Ba3 50. Kd3 Kd5 51. h3 Bd6 52. Bb6 Bc5 53. Bc7
c2 54. Kxc2 Ke4 55. g4 hxg4 56. hxg4 Kf3 57. Kd3 1/2-1/2

[Event "4NCL/Div4/NOTT1 vs. WWKS2"]
[Site "West Bromwich ENG"]
[Date "2005.11.05"]
[Round "1.5"]
[White "Walker, Andrew N"]
[Black "Gordon, Callum"]
[Result "1/2-1/2"]
[WhiteElo "2095"]
[BlackElo "2060"]
[PlyCount "85"]
[EventDate "2005.11.05"]
[SourceDate "2005.10.25"]

1. e4 d6 2. d4 Nf6 3. Nc3 g6 4. Nf3 Bg7 5. Be2 O-O 6. O-O Bg4 7. h3 Bxf3 8.
Bxf3 Nc6 9. Be3 e5 10. d5 Ne7 11. Qd2 Nd7 12. g4 f5 13. gxf5 gxf5 14. Bg5 Nf6
15. exf5 Nxf5 16. Bg4 Nd4 17. f4 Qe8 18. Bxf6 Rxf6 19. fxe5 Qxe5 20. Rae1 Qg3+
21. Qg2 Qxg2+ 22. Kxg2 Nxc2 23. Re7 Rg6 24. Kh1 Bf6 25. Be6+ Kh8 26. Rf7 Bxc3
27. bxc3 Ne3 28. R1f3 Rag8 29. Rxh7+ Kxh7 30. Bxg8+ Rxg8 31. Rxe3 Rg7 32. Kh2
Kh6 33. Re4 a6 34. Rb4 Rg5 35. Rxb7 Rxd5 36. Rxc7 Kg5 37. Rc4 Rd2+ 38. Kg3 Rd3+
39. Kg2 Rd2+ 40. Kf3 Rxa2 41. Rd4 Ra3 42. h4+ Kh5 43. Rxd6 1/2-1/2

[Event "4NCL/Div4/NOTT1 vs. WWKS2"]
[Site "West Bromwich ENG"]
[Date "2005.11.05"]
[Round "1.6"]
[White "Cooper, David M"]
[Black "Lakhani, Kishan"]
[Result "1-0"]
[WhiteElo "2080"]
[BlackElo "2010"]
[PlyCount "63"]
[EventDate "2005.11.05"]
[SourceDate "2005.10.25"]

1. e4 c5 2. Nf3 d6 3. d4 cxd4 4. Qxd4 Bd7 5. c4 Nc6 6. Qd2 e6 7. b3 Nf6 8. Nc3
Qa5 9. Be2 d5 10. exd5 Bb4 11. Bb2 Ne4 12. dxc6 Nxd2 13. cxd7+ Ke7 14. Kxd2
Rhd8 15. Kc2 Rxd7 16. Nb5 Rc8 17. a4 a6 18. Nbd4 Rcd8 19. Rad1 f6 20. h4 Qb6
21. Rd3 Kf7 22. Re3 e5 23. c5 Bxc5 24. Bc4+ Ke8 25. Nxe5 fxe5 26. Rxe5+ Re7 27.
Ne6 Rc8 28. Rd1 Bd6 29. Nxg7+ Kd8 30. Rxe7 Kxe7 31. Nf5+ Kf8 32. Bg7+ 1-0

[Event "4NCL/Div4/NOTT2 vs. BRJ"]
[Site "West Bromwich ENG"]
[Date "2005.11.05"]
[Round "1.1"]
[White "Walker, Tim D"]
[Black "Headlong, Timothy"]
[Result "0-1"]
[WhiteElo "2050"]
[BlackElo "2205"]
[PlyCount "80"]
[EventDate "2005.11.05"]
[SourceDate "2005.10.25"]

1. e4 c5 2. Nc3 Nc6 3. f4 g6 4. Nf3 Bg7 5. Bb5 Nd4 6. a4 a6 7. Bc4 e6 8. e5 d5
9. exd6 Nf6 10. d3 Nf5 11. O-O O-O 12. a5 Nxd6 13. Bb3 Qc7 14. Ne5 Nd7 15. Nc4
Nxc4 16. Bxc4 b5 17. axb6 Nxb6 18. Bb3 c4 19. dxc4 Nxc4 20. Qd3 Na5 21. Ba2 Rd8
22. Qg3 Bb7 23. h4 Nc4 24. h5 Qc5+ 25. Rf2 Rac8 26. hxg6 hxg6 27. Bxc4 Qxc4 28.
Be3 Qb4 29. Na4 Qb5 30. Nb6 Qxb2 31. Rc1 Rc6 32. c3 Qb3 33. Qg5 Rd1+ 34. Rf1
Rxf1+ 35. Rxf1 Qxc3 36. Qd8+ Bf8 37. Bd4 Qxd4+ 38. Qxd4 Bc5 39. Qxc5 Rxc5 40.
Nd7 Rc2 0-1

[Event "4NCL/Div4/NOTT2 vs. BRJ"]
[Site "West Bromwich ENG"]
[Date "2005.11.05"]
[Round "1.2"]
[White "Richmond, Jane"]
[Black "Webster, Richard J"]
[Result "1-0"]
[WhiteElo "2090"]
[BlackElo "2020"]
[PlyCount "29"]
[EventDate "2005.11.05"]
[SourceDate "2005.10.25"]

1. e4 e6 2. d4 d5 3. Nc3 Nf6 4. Bg5 Be7 5. e5 Nfd7 6. h4 a6 7. Qg4 f6 8. Be3
fxe5 9. Qxg7 Bf6 10. Qg4 Qe7 11. Nf3 e4 12. Ng5 Nf8 13. Nxd5 exd5 14. Qxc8+ Qd8
15. Qxb7 1-0

[Event "4NCL/Div4/NOTT2 vs. BRJ"]
[Site "West Bromwich ENG"]
[Date "2005.11.05"]
[Round "1.3"]
[White "Levens, David"]
[Black "Hall, Daniel J"]
[Result "0-1"]
[WhiteElo "2025"]
[BlackElo "2080"]
[PlyCount "60"]
[EventDate "2005.11.05"]
[SourceDate "2005.10.25"]

1. e4 c5 2. Nf3 e6 3. d4 cxd4 4. Nxd4 Nf6 5. Nc3 Nc6 6. Be3 Bb4 7. Bd3 d5 8.
O-O e5 9. Nxc6 bxc6 10. exd5 cxd5 11. Bb5+ Bd7 12. Nxd5 Bxb5 13. Nxb4 Bxf1 14.
Qxd8+ Rxd8 15. Kxf1 Rb8 16. c3 a5 17. Nc6 Rxb2 18. Nxe5 Ne4 19. Bd4 O-O 20. Nc4
Nd2+ 21. Nxd2 Rxd2 22. a3 Rb8 23. g3 f6 24. Re1 Kf7 25. Re4 Rb3 26. a4 Ra2 27.
g4 Rxa4 28. g5 Rc4 29. Rh4 Rbxc3 30. gxf6 Rd3 0-1

[Event "4NCL/Div4/NOTT2 vs. BRJ"]
[Site "West Bromwich ENG"]
[Date "2005.11.05"]
[Round "1.4"]
[White "Hall, Joshua D"]
[Black "Thompson, Brian"]
[Result "0-1"]
[WhiteElo "2020"]
[BlackElo "2030"]
[PlyCount "96"]
[EventDate "2005.11.05"]
[SourceDate "2005.10.25"]

1. e4 c5 2. Nf3 d6 3. d4 cxd4 4. Nxd4 Nf6 5. Nc3 g6 6. Be3 Bg7 7. h3 O-O 8. Bc4
Nc6 9. Bb3 Bd7 10. Qd2 Na5 11. f4 Nxb3 12. axb3 Qc7 13. O-O Bc6 14. Qd3 a6 15.
Nf3 Rfd8 16. g4 d5 17. e5 Ne4 18. Nd4 Rac8 19. Rf3 Nxc3 20. Qxc3 Bd7 21. Qd2 e6
22. g5 Bf8 23. h4 Bc5 24. c3 a5 25. h5 Qb6 26. Qh2 Rc7 27. Rh3 Bc8 28. Kg2 Bxd4
29. Bxd4 Qxb3 30. Kg3 Qb5 31. Kg4 b6 32. Rh1 Rdd7 33. hxg6 fxg6 34. Rh6 Rg7 35.
Qf2 Rb7 36. Qc2 Qe8 37. Kg3 Qf7 38. Qa4 Bd7 39. Qa3 Qf5 40. b4 Qd3+ 41. Kg4 Rf7
42. R6h4 Bb5 43. R1h3 Rxf4+ 44. Kxf4 Rf7+ 45. Kg4 Qe2+ 46. Kg3 Rf3+ 47. Kg4
Qg2+ 48. Rg3 Qxg3# 0-1

[Event "4NCL/Div4/NOTT2 vs. BRJ"]
[Site "West Bromwich ENG"]
[Date "2005.11.05"]
[Round "1.5"]
[White "Wright, Antony J"]
[Black "Cabero, Pablo Padilla"]
[Result "0-1"]
[WhiteElo "1920"]
[BlackElo "1955"]
[PlyCount "86"]
[EventDate "2005.11.05"]
[SourceDate "2005.10.25"]

1. Nf3 Nf6 2. d4 e6 3. Bg5 d5 4. e3 h6 5. Bh4 c5 6. c3 Qb6 7. Bxf6 gxf6 8. Qc2
Nc6 9. Nbd2 cxd4 10. exd4 e5 11. Nb3 e4 12. Nh4 Bd7 13. Qd1 a5 14. Rb1 Rg8 15.
Be2 f5 16. f4 a4 17. Na1 Be7 18. g3 Bxh4 19. gxh4 Qd8 20. Kd2 Qxh4 21. Qf1 Ke7
22. Nc2 Qf6 23. Ne3 Kd6 24. Qf2 Nxd4 25. cxd4 Qxd4+ 26. Ke1 Qb4+ 27. Kf1 Rac8
28. Rg1 Rge8 29. Kg2 d4 30. Rgd1 d3 31. Qh4 Rg8+ 32. Kf1 Ke6 33. Bh5 Qd4 34.
Qf2 Rg7 35. Rd2 Rcg8 36. Re1 Qb4 37. Rdd1 Bb5 38. Qd2 Qd4 39. Bf3 Kf6 40. Bh1
Qd6 41. Ng2 Rc8 42. Rc1 Rc2 43. Qxc2 dxc2+ 0-1

[Event "4NCL/Div4/NOTT2 vs. BRJ"]
[Site "West Bromwich ENG"]
[Date "2005.11.05"]
[Round "1.6"]
[White "Tomboline, David"]
[Black "Lakhani, Anjali"]
[Result "1-0"]
[WhiteElo "1985"]
[BlackElo "1755"]
[PlyCount "69"]
[EventDate "2005.11.05"]
[SourceDate "2005.10.25"]

1. d4 Nf6 2. Bf4 e6 3. e3 b6 4. Nf3 Bb7 5. Bd3 Be7 6. h3 O-O 7. O-O d6 8. Nbd2
Nbd7 9. Qe2 c5 10. c3 Qc7 11. e4 Rac8 12. e5 Nd5 13. Bg3 dxe5 14. dxe5 Rcd8 15.
a3 Qc6 16. c4 N5f6 17. exf6 Nxf6 18. Rfe1 Bd6 19. Bh4 Be7 20. Bxf6 Bxf6 21. Be4
Qd7 22. Bxb7 Qxb7 23. Ne4 Be7 24. Rad1 h6 25. Ne5 Qc7 26. Nc3 Bf6 27. Ng4 Bd4
28. Nb5 Qb7 29. Nxd4 cxd4 30. Rd3 Qc7 31. b3 a5 32. Qe5 Qe7 33. Nxh6+ Kh7 34.
Nf5 Qg5 35. Rg3 1-0

[Event "4NCL/Div4/CAV vs. BCA"]
[Site "West Bromwich ENG"]
[Date "2005.11.05"]
[Round "1.1"]
[White "Harman, Kenneth B"]
[Black "Mordue, A Tyson"]
[Result "1/2-1/2"]
[WhiteElo "2160"]
[BlackElo "2225"]
[PlyCount "46"]
[EventDate "2005.11.05"]
[SourceDate "2005.10.25"]

1. d4 Nf6 2. c4 g6 3. Nc3 Bg7 4. e4 d6 5. Bg5 h6 6. Bh4 O-O 7. f4 c5 8. d5 Qa5
9. Qd2 e6 10. dxe6 Bxe6 11. Bd3 Nc6 12. Nf3 Bg4 13. O-O Bxf3 14. Rxf3 Nd4 15.
Rff1 Rae8 16. Rae1 Nh7 17. e5 dxe5 18. fxe5 Re6 19. Bg3 Rfe8 20. Qf4 Qc7 21.
Nd5 Qd7 22. Qh4 Qd8 23. Qf4 Qd7 1/2-1/2

[Event "4NCL/Div4/CAV vs. BCA"]
[Site "West Bromwich ENG"]
[Date "2005.11.05"]
[Round "1.2"]
[White "Ross, Chris"]
[Black "Egan, Michael PW"]
[Result "1/2-1/2"]
[WhiteElo "2165"]
[BlackElo "2080"]
[PlyCount "51"]
[EventDate "2005.11.05"]
[SourceDate "2005.10.25"]

1. e4 c5 2. Nf3 Nc6 3. Bb5 g6 4. Bxc6 dxc6 5. h3 Bg7 6. d3 e5 7. Be3 Qe7 8. Nc3
Nf6 9. O-O Nd7 10. Nh2 Nf8 11. f4 exf4 12. Rxf4 Ne6 13. Rf2 Nd4 14. Qd2 O-O 15.
Bh6 Bd7 16. Bxg7 Kxg7 17. Ne2 Rae8 18. Nxd4 cxd4 19. Qa5 a6 20. b4 f5 21. Re1
fxe4 22. Rxe4 Qd6 23. Rxe8 Rxe8 24. Nf3 Bxh3 25. Qb6 Re7 26. gxh3 1/2-1/2

[Event "4NCL/Div4/CAV vs. BCA"]
[Site "West Bromwich ENG"]
[Date "2005.11.05"]
[Round "1.3"]
[White "Hamblin, David J"]
[Black "Hilton, Steve"]
[Result "0-1"]
[WhiteElo "2025"]
[BlackElo "2045"]
[PlyCount "58"]
[EventDate "2005.11.05"]
[SourceDate "2005.10.25"]

1. d4 Nf6 2. c4 g6 3. Nc3 Bg7 4. e4 d6 5. Nf3 O-O 6. Be2 e5 7. O-O Nc6 8. d5
Ne7 9. b4 a5 10. Ba3 Ne8 11. Ne1 f5 12. f3 axb4 13. Bxb4 c5 14. dxc6 Qb6+ 15.
Kh1 Qxb4 16. cxb7 Bxb7 17. Qc2 Bc6 18. Rb1 Qa5 19. Nd3 Nf6 20. Nb4 Bd7 21. Qd2
Qc5 22. Nd3 Qd4 23. Rb7 Ra3 24. Nb1 Ra7 25. Rxa7 Qxa7 26. Nc3 Qd4 27. Rb1 fxe4
28. fxe4 Nxe4 29. Nxe4 Qxe4 0-1

[Event "4NCL/Div4/CAV vs. BCA"]
[Site "West Bromwich ENG"]
[Date "2005.11.05"]
[Round "1.4"]
[White "Burnell, Steve"]
[Black "Tart, Peter"]
[Result "1/2-1/2"]
[WhiteElo "1960"]
[BlackElo "2015"]
[PlyCount "51"]
[EventDate "2005.11.05"]
[SourceDate "2005.10.25"]

1. d4 e5 2. dxe5 Nc6 3. Nf3 Qe7 4. Nbd2 Nxe5 5. Nxe5 Qxe5 6. Nf3 Qf6 7. c3 Bc5
8. Qc2 Qb6 9. e3 d5 10. Bd3 Ne7 11. O-O Ng6 12. e4 dxe4 13. Bxe4 O-O 14. Bg5
Bd7 15. b4 Bd6 16. a4 Bc6 17. a5 Bxe4 18. Qxe4 Qb5 19. Be3 Rfe8 20. Qc2 Qc4 21.
Rab1 a6 22. Rfd1 Qe4 23. Qxe4 Rxe4 24. Rd4 Rae8 25. Rbd1 Rxd4 26. Rxd4 1/2-1/2

[Event "4NCL/Div4/CAV vs. BCA"]
[Site "West Bromwich ENG"]
[Date "2005.11.05"]
[Round "1.5"]
[White "Chapman, Timothy J"]
[Black "Armstrong, William G"]
[Result "1/2-1/2"]
[WhiteElo "1855"]
[BlackElo "1985"]
[PlyCount "89"]
[EventDate "2005.11.05"]
[SourceDate "2005.10.25"]

1. e4 c5 2. c3 Nf6 3. e5 Nd5 4. d4 cxd4 5. cxd4 d6 6. Nf3 Nc6 7. Bc4 e6 8. O-O
Be7 9. Qe2 O-O 10. Nc3 Nxc3 11. bxc3 Qc7 12. Bd3 f5 13. exf6 Bxf6 14. Qe4 g6
15. Bh6 d5 16. Qe3 Re8 17. Bf4 Qg7 18. Rfe1 Bd7 19. Ne5 Nxe5 20. Bxe5 Bxe5 21.
Qxe5 Qxe5 22. Rxe5 Rac8 23. Rc1 b5 24. a3 a5 25. Ree1 Rc7 26. g3 Rec8 27. Rb1
Rb8 28. Rbc1 Kf7 29. Kf1 Rbc8 30. Rb1 Rxc3 31. Bxb5 Bxb5+ 32. Rxb5 Rxa3 33.
Rb7+ Kf6 34. Rb6 Re8 35. Ra6 Ra4 36. Rd1 Kf5 37. f3 g5 38. Kf2 Ra2+ 39. Ke3
Rxh2 40. Rxa5 g4 41. Ra7 h5 42. fxg4+ Kxg4 43. Rg7+ Kh3 44. Rg5 Kg2 45. Rd2+
1/2-1/2

[Event "4NCL/Div4/CAV vs. BCA"]
[Site "West Bromwich ENG"]
[Date "2005.11.05"]
[Round "1.6"]
[White "Wragg, Norman"]
[Black "Upham, John E"]
[Result "1/2-1/2"]
[WhiteElo "1845"]
[BlackElo "1820"]
[PlyCount "36"]
[EventDate "2005.11.05"]
[SourceDate "2005.10.25"]

1. e4 d5 2. exd5 Qxd5 3. Nc3 Qa5 4. Bc4 c6 5. d3 Nf6 6. h3 Bf5 7. Nf3 e6 8. O-O
Bd6 9. Re1 Nbd7 10. Bd2 Qc7 11. Qe2 O-O 12. Nh4 Bg6 13. Nxg6 hxg6 14. d4 Rfe8
15. Ne4 Nxe4 16. Qxe4 c5 17. dxc5 Nxc5 18. Qe2 Rac8 1/2-1/2

[Event "4NCL/Div4/RICB vs. SUFFP"]
[Site "West Bromwich ENG"]
[Date "2005.11.05"]
[Round "1.1"]
[White "Gaudeau, Valentin"]
[Black "Munson, Shaun D"]
[Result "0-1"]
[WhiteElo "1885"]
[BlackElo "2225"]
[PlyCount "70"]
[EventDate "2005.11.05"]
[SourceDate "2005.10.25"]

1. Nf3 d5 2. d4 c6 3. c4 Nf6 4. Nc3 dxc4 5. a4 Na6 6. e4 Bg4 7. Be3 Nb4 8. Bxc4
Bxf3 9. gxf3 e6 10. Qd2 Be7 11. Rg1 g6 12. Rd1 Qa5 13. Rg5 Qc7 14. Bf4 Qd7 15.
Be5 Rg8 16. Rg2 Nh5 17. Na2 a5 18. Nc3 O-O-O 19. Nb5 cxb5 20. Bxb5 Nc6 21. Bxc6
bxc6 22. Qxa5 Qb7 23. Bd6 Bxd6 24. Kf1 Nf4 25. Rg4 Bb4 26. Qe5 Qa6+ 27. Kg1
Qxa4 28. Rf1 Ne2+ 29. Kg2 Bd6 30. Qf6 h5 31. Rh4 g5 32. Rxh5 Nf4+ 33. Kh1 Nxh5
34. Qxf7 Nf4 35. b3 Qa6 0-1

[Event "4NCL/Div4/RICB vs. SUFFP"]
[Site "West Bromwich ENG"]
[Date "2005.11.05"]
[Round "1.2"]
[White "Gregory, Stephen J"]
[Black "Graham, Louis"]
[Result "1-0"]
[WhiteElo "2155"]
[BlackElo "1900"]
[PlyCount "149"]
[EventDate "2005.11.05"]
[SourceDate "2005.10.25"]

1. e4 e5 2. Bc4 Nf6 3. Qe2 d6 4. Nf3 Be7 5. c3 Nc6 6. d3 O-O 7. Nbd2 a6 8. Bb3
Be6 9. Nf1 Bxb3 10. axb3 Re8 11. Ng3 d5 12. O-O h6 13. h3 Bc5 14. Nh2 d4 15. c4
Ne7 16. Bd2 b6 17. Ng4 Ng6 18. Nxf6+ Qxf6 19. Nh5 Qe6 20. Qf3 Rf8 21. Ra2 a5
22. Raa1 Rad8 23. Rae1 f5 24. exf5 Rxf5 25. Qg4 Rdf8 26. Ng3 R5f6 27. Qxe6+
Rxe6 28. f4 Nh4 29. f5 Ref6 30. Ne4 Rxf5 31. Nxc5 bxc5 32. Rxf5 Rxf5 33. Bxa5
Rg5 34. Re2 Rg3 35. Be1 Nf3+ 36. Kf2 Nxe1 37. Kxg3 Nxd3 38. Kf3 Kf7 39. Rd2 Nc1
40. Ke4 Ke6 41. Rf2 Nxb3 42. Rf8 Na5 43. Kd3 e4+ 44. Kxe4 Nxc4 45. Re8+ Kf6 46.
Rb8 Nd6+ 47. Kd3 Ke5 48. b3 Kf4 49. Rg8 g5 50. Rg7 Kg3 51. Rxc7 Kxg2 52. Rxc5
Kxh3 53. Rd5 Nf7 54. Rf5 Nd8 55. b4 Kg4 56. Rf1 h5 57. b5 h4 58. Ke4 h3 59.
Rg1+ Kh4 60. Kf3 h2 61. Rd1 Kh3 62. Kf2 g4 63. Rd3+ g3+ 64. Rxg3+ Kh4 65. Rg7
d3 66. Rh7+ Kg4 67. Rxh2 d2 68. Ke2 Kf5 69. Kxd2 Ke6 70. Kc3 Kd6 71. Kb4 Kc7
72. Rh7+ Kb6 73. Rh6+ Ka7 74. Kc5 Nb7+ 75. Kc6 1-0

[Event "4NCL/Div4/RICB vs. SUFFP"]
[Site "West Bromwich ENG"]
[Date "2005.11.05"]
[Round "1.3"]
[White "Schlesinger, Noah W"]
[Black "Gray, Mark S"]
[Result "1/2-1/2"]
[WhiteElo "1865"]
[BlackElo "2105"]
[PlyCount "69"]
[EventDate "2005.11.05"]
[SourceDate "2005.10.25"]

1. c4 e6 2. d4 Nf6 3. Nc3 d5 4. Bg5 Be7 5. e3 O-O 6. Nf3 h6 7. Bxf6 Bxf6 8.
cxd5 exd5 9. Bd3 c6 10. h3 Nd7 11. O-O Re8 12. Re1 Nf8 13. e4 dxe4 14. Nxe4 Bf5
15. Nxf6+ Qxf6 16. Bxf5 Rxe1+ 17. Qxe1 Qxf5 18. Qe7 Qd7 19. Re1 Rd8 20. Qa3 Ne6
21. Qxa7 Nxd4 22. Nxd4 Qxd4 23. Qxb7 Qd2 24. Qe7 Rb8 25. Re2 Qc1+ 26. Kh2 Rxb2
27. Rxb2 Qxb2 28. Qe8+ Kh7 29. Qxf7 Qc2 30. Kg3 Qc3+ 31. Kg4 Qd4+ 32. f4 Qd1+
33. Kg3 Qd3+ 34. Kh2 c5 35. f5 1/2-1/2

[Event "4NCL/Div4/RICB vs. SUFFP"]
[Site "West Bromwich ENG"]
[Date "2005.11.05"]
[Round "1.4"]
[White "Wallis, Ian"]
[Black "Kenyon, Scott J M"]
[Result "0-1"]
[WhiteElo "2100"]
[BlackElo "1840"]
[PlyCount "55"]
[EventDate "2005.11.05"]
[SourceDate "2005.10.25"]

1. e4 e5 2. Nf3 Nc6 3. Bb5 a6 4. Ba4 Nf6 5. O-O Be7 6. Bxc6 dxc6 7. Qe1 Nd7 8.
b3 c5 9. Bb2 f6 10. Nh4 Nf8 11. d3 Ng6 12. Nxg6 hxg6 13. Nd2 Be6 14. f4 exf4
15. Rxf4 g5 16. Rf2 Qd7 17. Nc4 O-O-O 18. Ne3 Bd6 19. g3 c6 20. Nf5 Bxf5 21.
Rxf5 Rh3 22. Rf2 Rdh8 23. Qe3 Bxg3 24. hxg3 Rh1+ 25. Kg2 Qh3+ 26. Kf3 Qh5+ 27.
Kg2 g4 28. Qh6 0-1

[Event "4NCL/Div4/RICB vs. SUFFP"]
[Site "West Bromwich ENG"]
[Date "2005.11.05"]
[Round "1.5"]
[White "Ryan, Julian"]
[Black "Feavyour, John"]
[Result "0-1"]
[WhiteElo "1850"]
[BlackElo "2035"]
[PlyCount "76"]
[EventDate "2005.11.05"]
[SourceDate "2005.10.25"]

1. e4 e6 2. d3 d5 3. Nd2 c5 4. g3 Nc6 5. Ngf3 Nf6 6. Bg2 Be7 7. O-O O-O 8. Re1
d4 9. Nf1 e5 10. h4 h6 11. N3h2 Nh7 12. f4 exf4 13. Bxf4 g5 14. hxg5 hxg5 15.
Bd2 Ne5 16. Nf3 Ng6 17. e5 Be6 18. N3h2 Qd7 19. Qh5 Kg7 20. Be4 Rh8 21. Bxg6
fxg6 22. Qe2 g4 23. Bf4 Ng5 24. Bxg5 Bxg5 25. Nd2 Be3+ 26. Kg2 Qd5+ 27. Ne4
Qxe5 28. Nxg4 Bxg4 29. Qxg4 Qf5 30. Qxf5 gxf5 31. Nd6 Kg6 32. Rab1 b6 33. Nc4
f4 34. gxf4 Bxf4 35. Ne5+ Kf5 36. Nf3 Rag8+ 37. Kf1 Rh3 38. Ng1 Rhg3 0-1

[Event "4NCL/Div4/RICB vs. SUFFP"]
[Site "West Bromwich ENG"]
[Date "2005.11.05"]
[Round "1.6"]
[White "Clapham, Michael"]
[Black "Glover, Robert"]
[Result "1-0"]
[WhiteElo "2005"]
[BlackElo "1795"]
[PlyCount "51"]
[EventDate "2005.11.05"]
[SourceDate "2005.10.25"]

1. e4 e6 2. d4 d5 3. Nd2 c5 4. c3 Nc6 5. Ngf3 Qb6 6. exd5 exd5 7. Nb3 c4 8.
Nbd2 Nf6 9. Be2 Bd6 10. O-O Be6 11. Re1 O-O-O 12. b3 Qc7 13. bxc4 dxc4 14. Bxc4
Bxc4 15. Nxc4 Nxd4 16. Nxd6+ Qxd6 17. cxd4 Rhe8 18. Rxe8 Rxe8 19. Qc2+ Kb8 20.
Qf5 Re4 21. Bg5 Re2 22. Bf4 Qxf4 23. Qxf4+ Ka8 24. Rc1 b6 25. Rc8+ Kb7 26. Qc7+
1-0

[Event "4NCL/Div4/GLOSG vs. OXF3"]
[Site "West Bromwich ENG"]
[Date "2005.11.05"]
[Round "1.1"]
[White "Bolt, Graham"]
[Black "Stembridge, Ed"]
[Result "1-0"]
[WhiteElo "2125"]
[BlackElo "1960"]
[PlyCount "159"]
[EventDate "2005.11.05"]
[SourceDate "2005.10.25"]

1. e4 c5 2. Nf3 Nc6 3. d4 cxd4 4. Nxd4 g6 5. c4 Bg7 6. Be3 Nf6 7. Nc3 O-O 8.
Be2 d6 9. O-O Bd7 10. Rc1 a5 11. a4 Nxd4 12. Bxd4 Bc6 13. f3 Nd7 14. Bxg7 Kxg7
15. Qd4+ f6 16. b3 Qb6 17. Qxb6 Nxb6 18. Bd3 Nd7 19. Bc2 Nc5 20. Rcd1 Rad8 21.
Rd2 Rf7 22. Re1 Rdf8 23. h3 Nd7 24. Ne2 Nc5 25. Nd4 Rd8 26. Re3 e5 27. Ne2 f5
28. Nc1 f4 29. Re1 Kf6 30. Nd3 Ne6 31. Red1 b6 32. Nc1 Ke7 33. Bd3 Nd4 34. Rb2
g5 35. Ne2 Ne6 36. Nc3 Nc5 37. Be2 h5 38. Ra1 Na6 39. Na2 Nb4 40. Nxb4 axb4 41.
a5 Ra8 42. Rba2 bxa5 43. Rxa5 Rff8 44. Ra7+ Rxa7 45. Rxa7+ Kd8 46. Rg7 g4 47.
hxg4 hxg4 48. Rxg4 Kc7 49. g3 Kb6 50. gxf4 Rxf4 51. Rg8 Kc5 52. Rc8 Rf7 53. Kf2
Ra7 54. Bd1 Ra2+ 55. Ke3 Ra1 56. Kd2 Ra2+ 57. Bc2 Ra1 58. Rc7 Rf1 59. Bd1 Rh1
60. Rg7 Be8 61. Rg8 Bh5 62. Rf8 Kd4 63. Rd8 Rh2+ 64. Kc1 Kc3 65. Rxd6 Ra2 66.
Kb1 Rd2 67. c5 Be8 68. f4 Bb5 69. fxe5 Bd3+ 70. Kc1 Ra2 71. Rxd3+ Kxd3 72. Kb1
Ra5 73. c6 Rc5 74. Bg4 Kxe4 75. e6 Kd3 76. e7 Kd2 77. Bf5 Re5 78. c7 Rxf5 79.
c8=Q Rf1+ 80. Kb2 1-0

[Event "4NCL/Div4/GLOSG vs. OXF3"]
[Site "West Bromwich ENG"]
[Date "2005.11.05"]
[Round "1.2"]
[White "Smith, Jonathan"]
[Black "White, Ian R"]
[Result "0-1"]
[WhiteElo "1935"]
[BlackElo "2120"]
[PlyCount "56"]
[EventDate "2005.11.05"]
[SourceDate "2005.10.25"]

1. e4 e6 2. d4 d5 3. Nc3 Bb4 4. e5 Ne7 5. a3 Bxc3+ 6. bxc3 c5 7. Qg4 O-O 8. Bd3
f5 9. exf6 Rxf6 10. Bg5 Rf7 11. Qh5 g6 12. Qd1 Nbc6 13. Nf3 Qf8 14. Qd2 Rxf3
15. gxf3 cxd4 16. Be2 Nf5 17. cxd4 Nfxd4 18. Qd3 e5 19. c3 Bf5 20. Qd1 Nc2+ 21.
Kd2 Nxa1 22. Qxa1 Qc5 23. Be3 d4 24. Qa2+ Kg7 25. cxd4 Qa5+ 26. Kd1 Nxd4 27. h4
Rd8 28. Bd2 Nb3 0-1

[Event "4NCL/Div4/GLOSG vs. OXF3"]
[Site "West Bromwich ENG"]
[Date "2005.11.05"]
[Round "1.3"]
[White "Hosken, Nigel"]
[Black "Hadi, Justin"]
[Result "1-0"]
[WhiteElo "2105"]
[BlackElo "1895"]
[PlyCount "87"]
[EventDate "2005.11.05"]
[SourceDate "2005.10.25"]

1. d4 Nf6 2. c4 e6 3. Nc3 Bb4 4. Bg5 c5 5. d5 d6 6. e3 Bxc3+ 7. bxc3 Qe7 8. Bd3
Nbd7 9. Ne2 h6 10. Bh4 g5 11. Bg3 exd5 12. cxd5 Ne5 13. O-O Bg4 14. f3 Bh5 15.
e4 Bg6 16. Rb1 b6 17. c4 Nh5 18. Nc3 O-O 19. Qd2 Nxg3 20. hxg3 f5 21. exf5 Bxf5
22. Bxf5 Rxf5 23. Qe2 Re8 24. Rbe1 Kg7 25. f4 gxf4 26. gxf4 Ng6 27. Qxe7+ Rxe7
28. Rxe7+ Nxe7 29. Ne4 Nc8 30. g4 Rf7 31. Kg2 a6 32. a4 Re7 33. Kf3 Kf7 34. Ng3
Kg6 35. Nf5 Rf7 36. Re1 h5 37. Nh4+ Kg7 38. gxh5 Kh6 39. Kg4 Rg7+ 40. Ng6 Rf7
41. Re6 Kg7 42. Kg5 b5 43. h6+ Kh7 44. Re8 1-0

[Event "4NCL/Div4/GLOSG vs. OXF3"]
[Site "West Bromwich ENG"]
[Date "2005.11.05"]
[Round "1.4"]
[White "Zhang, Marco"]
[Black "Gilmour, Andrew J"]
[Result "1/2-1/2"]
[WhiteElo "1915"]
[BlackElo "2065"]
[PlyCount "77"]
[EventDate "2005.11.05"]
[SourceDate "2005.10.25"]

1. e4 c5 2. d4 cxd4 3. c3 Nf6 4. e5 Nd5 5. cxd4 b6 6. Bc4 Bb7 7. a3 e6 8. Ne2
Na6 9. O-O Nac7 10. Nbc3 Be7 11. Bd2 O-O 12. Ng3 f5 13. f4 Nxc3 14. bxc3 b5 15.
Bb3 Bd5 16. Bxd5 Nxd5 17. Qb3 a6 18. a4 bxa4 19. Qxa4 Nb6 20. Qa2 Qc8 21. Rfb1
Nc4 22. Nf1 Qc6 23. Be1 a5 24. Qe2 a4 25. Nd2 Nxd2 26. Bxd2 Rfc8 27. Qb5 Qxb5
28. Rxb5 Rc7 29. Kf2 Kf7 30. Ke3 Ke8 31. Kd3 Kd8 32. c4 Kc8 33. c5 Rb7 34. Kc4
a3 35. Rxb7 Kxb7 36. Ra2 Bd8 37. Bb4 Kc6 38. Rxa3 Rxa3 39. Bxa3 1/2-1/2